000 00557nam a2200217Ia 4500
003 OSt
005 20220928103228.0
006 a|||||r|||| 00| 0
007 ta
008 220927b |||||||| |||| 00| 0 eng d
024 _a64255
037 _cTextual
040 _aSDCL
_cSDCL
_beng
041 _2eng
_aeng
082 _aO-91N48,3:g, N4
100 _aRamaswamy S.
_9402951
245 0 _aCommentaries on commonwealth fiction
300 _a204p.
_ccm.
942 _hO-91N48,3:g, N4
_cTEXL
_2CC
999 _c718756
_d718756